000 003040000a22000970004500
100 1 _aSmith, Christopher R.
245 1 0 _aThe structure of the book of revelation in light of Apocalyptic literary conventions
300 _aVol. 34, Num 4 (1994), Páginas 373-393
773 0 _tNovum Testamentum
942 _cANA
999 _c56873
_d56873